000 00569nam a2200169Ia 4500
008 090711s9999 xx 000 0 und d
082 _b989
100 _aदेशपांडे पांडुरंग
245 _aसवाई गंधर्व
260 _bआनंद छापखाना
_c1946
300 _a95
600 _aदेशपांडे पांडुरंग
630 _aसवाई गंधर्व
700 _aदेशपांडे पांडुरंग
730 _aसवाई गंधर्व
942 _cBOOK
999 _c317638
_d317638